| 000 | 01208cam a22002893a 4500 | ||
|---|---|---|---|
| 001 | 365 | ||
| 003 | PGUSA | ||
| 005 | 20140828082947.0 | ||
| 008 | 080709s2008||||xxu|||||s|||||000 | eng d | ||
| 040 |
_aPGUSA _beng |
||
| 042 | _adc | ||
| 050 | 4 | _aF850.5 | |
| 100 | 1 |
_aAustin, Mary Hunter, _d1868-1934 |
|
| 245 | 1 | 4 |
_aThe Land of Little Rain _h[electronic resource] / _cMary Hunter Austin |
| 260 |
_bProject Gutenberg, _c2008 |
||
| 505 | 0 | _aThe land of little rain -- Water trails of the Carrizo -- The scavengers -- The pocket hunter -- Shoshone land -- Jimville, a Bret Harte town. -- My neighbor's field -- The Mesa trail -- The basket maker -- The streets of the mountains -- Water borders -- Other water borders -- Nurslings of the sky -- The little town of the grape vines | |
| 506 | _aPublic domain in the USA. | ||
| 516 | _aElectronic text | ||
| 653 | _aCalifornia -- Social life and customs | ||
| 653 | _aFrontier and pioneer life -- California | ||
| 653 | _aNatural history -- California | ||
| 653 | _aCalifornia -- History, Local | ||
| 653 | _aCalifornia -- Description and travel | ||
| 830 | 0 |
_aProject Gutenberg _v365 |
|
| 856 | 4 | 0 | _uhttp://www.gutenberg.org/ebooks/365 |
| 942 | _cEB | ||
| 999 |
_c229716 _d229716 |
||